Miera nezamestnanosti sa v januári vyšplhala na historicky najvyššiu úroveň 16,33 percenta
Nezamestnanosť v januári 1999, porovnanie s januárom 1998, pokles zamestnanosti. Príčiny nárastu miery nezamestnanosti. Miera nezamestnanosti v jednotlivých okresoch Slovenska. Počet poberateľov podpory v nezamestnanosti. Nedostatok financií na aktívnu politiku zamestnanosti. Hospodárenie Národného...
Na minha lista:
| Autor principal: | |
|---|---|
| Formato: | Capítulo de Livro |
| Idioma: | eslovaco |
| Assuntos: | |
| Tags: |
Sem tags, seja o primeiro a adicionar uma tag!
|
MARC
| LEADER | 00000naa a2200000 4500 | ||
|---|---|---|---|
| 001 | r034355 | ||
| 005 | 20230921103300.7 | ||
| 041 | 0 | |a slo | |
| 044 | |a SK | ||
| 245 | 1 | 0 | |a Miera nezamestnanosti sa v januári vyšplhala na historicky najvyššiu úroveň 16,33 percenta |c Andrea Medžová |
| 520 | |a Nezamestnanosť v januári 1999, porovnanie s januárom 1998, pokles zamestnanosti. Príčiny nárastu miery nezamestnanosti. Miera nezamestnanosti v jednotlivých okresoch Slovenska. Počet poberateľov podpory v nezamestnanosti. Nedostatok financií na aktívnu politiku zamestnanosti. Hospodárenie Národného úradu práce. | ||
| 610 | 2 | 0 | |a nezamestnanosť |
| 610 | 2 | 0 | |a miera nezamestnanosti |
| 610 | 2 | 0 | |a politika zamestnanosti |
| 610 | 2 | 0 | |a podpory v nezamestnanosti |
| 610 | 2 | 0 | |a Slovensko |
| 610 | 2 | 0 | |a Národný úrad práce Bratislava |
| 100 | 1 | |a Medžová, Andrea | |